Guess the Word #1 - Statistics

General Stats
  • This quiz has been taken 351 times
    347 since last reset
  • The average score is 19 of 25
Answer Stats
Answer % Correct
A
93%
A
93%
A
93%
A
93%
A
93%
E
87%
E
86%
O
84%
O
83%
R
78%
R
77%
L
76%
L
76%
B
75%
B
75%
H
73%
N
73%
N
73%
N
73%
N
73%
C
69%
K
65%
J
60%
W
60%
V
48%
No matching quizzes found
Score Distribution
Percent of People with Each Score
Percentile by Number Answered
Your Score History
You have not taken this quiz since the last reset